[Event "Leverkusen-ch op"]
[Site "Leverkusen"]
[Date "2005.01.10"]
[Round "1"]
[White "Vossen, Klaus"]
[Black "Wegner, Dieter"]
[Result "1-0"]
[WhiteElo "2270"]
[BlackElo "1786"]
[PlyCount "53"]
[EventDate "2005.01.10"]
[EventType "swiss"]
[EventRounds "9"]
[EventCountry "GER"]
[SourceTitle "EXT 2006"]
[Source "ChessBase"]
[SourceDate "2005.11.24"]
[SourceVersion "1"]
[SourceVersionDate "2005.11.24"]
[SourceQuality "1"]

1. d4 Nf6 2. c4 d6 3. Nf3 g6 4. Nc3 Bg7 5. e4 0-0 6. Be2 Nbd7 7. 0-0 c5 8. d5 a6 9. a4 Ng4 10. Ne1 Nh6 11. Bg5 f6 12. Be3 Ne5 13. h3 f5 14. Qd2 Nef7 15. f3 Kh8 16. Bd3 e5 17. dxe6 Bxe6 18. Rb1 Qd7 19. exf5 Nxf5 20. Bxf5 Bxf5 21. Rd1 Rad8 22. g4 Be6 23. b3 Qe7 24. Ng2 Qf6 25. Ne4 Qe5 26. Nf4 Rfe8 27. Nd3 1-0